000 01171nam a2200289Ia 4500
001 ebr10344583
003 CaPaEBR
006 m u
007 cr cn|||||||||
008 870804s2009 cm s 000 0aeng d
020 _z9789956558346
020 _z9789956615339
040 _aCaPaEBR
_cCaPaEBR
035 _a(OCoLC)646849401
050 1 4 _aDT577.M85
_bA3 2009eb
100 1 _aMukong, A. W.
_q(Albert W.)
245 1 0 _aPrisoner without a crime
_h[electronic resource] :
_bdiscplining dissent in Ahidjo's Cameroon /
_cAlbert Mukong.
260 _aMankon, Bamenda, Cameroon :
_bLangaa RPCIG,
_c2009.
300 _avii, 148 p.
533 _aElectronic reproduction.
_bPalo Alto, Calif. :
_cebrary,
_d2010.
_nAvailable via World Wide Web.
_nAccess may be limited to ebrary affiliated libraries.
600 1 0 _aMukong, A. W.
_q(Albert W.)
650 0 _aPolitical prisoners
_zCameroon
_vBiography.
651 0 _aCameroon
_xPolitics and government
_y1960-1982.
655 7 _aElectronic books.
_2local
710 2 _aebrary, Inc.
856 4 0 _uhttp://site.ebrary.com/lib/rucke/Doc?id=10344583
_zAn electronic book accessible through the World Wide Web; click to view
999 _c48722
_d48722